| 000 | 00536nam a22001697a 4500 | ||
|---|---|---|---|
| 003 | OSt | ||
| 005 | 20260525154054.0 | ||
| 008 | 260525b |||||||| |||| 00| 0 eng d | ||
| 020 | _a978-93-69149-15-5 | ||
| 040 | _cSBCL | ||
| 082 |
_a371.26 _bGKP-U |
||
| 100 | _aGKP Editorial Team | ||
| 245 |
_aUPSC 2026 _bGeneral studies Paper 1: 29 Years Topic Wise Solved papers |
||
| 260 |
_aNew Delhi _bCareer Launcher Infrastructure _c2026 |
||
| 630 |
_xSocial sciences _xEducation _xSchools & their activities; special education |
||
| 942 | _cBOOK | ||
| 999 |
_c138222 _d138222 |
||